000 00600nam a2200205Ia 4500
003 GCL
008 140319s9999 xx 000 0 ara d
040 _aGCL /
_cGCL
082 0 4 _a155.4
_bا م
100 1 _aابوالفتوح رضوان
245 1 0 _aمشاكل الاطفال والاباء /
_cابوالفتوح رضوان
700 1 _aايزاكس، سوزان
700 1 _aسعد فريد
300 _a399 ص
490 _aالالف كتاب
_v0
650 0 4 _aالاطفال
650 0 4 _aالاطفال - علم نفس
650 0 4 _aالاطفال - تربية
942 _2ddc
_cBK
999 _c45125
_d45125